ARRUPE JESUIT UNIVERSITY

CORONAVIRUS -STOP THE SPREAD - CLEAN,DISINFECT,COVER

Medicine, mobility, and power in global Africa : (Record no. 124673)

MARC details
000 -LEADER
fixed length control field 01318cam a2200349 a 4500
001 - CONTROL NUMBER
control field 17163218
003 - CONTROL NUMBER IDENTIFIER
control field ARRUPE
005 - DATE AND TIME OF LATEST TRANSACTION
control field 20160421123547.0
008 - FIXED-LENGTH DATA ELEMENTS--GENERAL INFORMATION
fixed length control field 120213s2012 inua b 001 0 eng c
010 ## - LIBRARY OF CONGRESS CONTROL NUMBER
LC control number 2012005731
020 ## - INTERNATIONAL STANDARD BOOK NUMBER
International Standard Book Number 9780253357090 (cloth : alk. paper)
020 ## - INTERNATIONAL STANDARD BOOK NUMBER
International Standard Book Number 9780253223685 (pbk. : alk. paper)
020 ## - INTERNATIONAL STANDARD BOOK NUMBER
International Standard Book Number 9780253005328 (eb)
040 ## - CATALOGING SOURCE
Original cataloging agency IEN/DLC
Transcribing agency IEN
Modifying agency DLC
042 ## - AUTHENTICATION CODE
Authentication code pcc
043 ## - GEOGRAPHIC AREA CODE
Geographic area code f------
050 00 - LIBRARY OF CONGRESS CALL NUMBER
Classification number RA545
Item number .M47 2012
082 04 - DEWEY DECIMAL CLASSIFICATION NUMBER
Classification number 362.1096
Edition number 23
300 ## - PHYSICAL DESCRIPTION
Other physical details ill. ;
Dimensions 24 cm.
245 00 - TITLE STATEMENT
Title Medicine, mobility, and power in global Africa :
Remainder of title transnational health and healing /
Statement of responsibility, etc edited by Hansjörg Dilger, Abdoulaye Kane, and Stacey A. Langwick.
260 ## - PUBLICATION, DISTRIBUTION, ETC. (IMPRINT)
Place of publication, distribution, etc Bloomington ;
-- Indianapolis :
Name of publisher, distributor, etc Indiana University Press,
Date of publication, distribution, etc c2012.
300 ## - PHYSICAL DESCRIPTION
Extent vi, 348 p. :
504 ## - BIBLIOGRAPHY, ETC. NOTE
Bibliography, etc Includes bibliographical references and index.
650 #0 - SUBJECT ADDED ENTRY--TOPICAL TERM
Topical term or geographic name as entry element Medical care
Geographic subdivision Africa.
9 (RLIN) 24004
650 #0 - SUBJECT ADDED ENTRY--TOPICAL TERM
Topical term or geographic name as entry element Health services accessibility
Geographic subdivision Africa.
9 (RLIN) 24005
650 #0 - SUBJECT ADDED ENTRY--TOPICAL TERM
Topical term or geographic name as entry element Traditional medicine
Geographic subdivision Africa.
9 (RLIN) 24006
700 1# - ADDED ENTRY--PERSONAL NAME
Personal name Dilger, Hansjörg.
9 (RLIN) 24007
700 1# - ADDED ENTRY--PERSONAL NAME
Personal name Kane, Abdoulaye.
9 (RLIN) 24008
700 1# - ADDED ENTRY--PERSONAL NAME
Personal name Langwick, Stacey Ann.
9 (RLIN) 20075
906 ## - LOCAL DATA ELEMENT F, LDF (RLIN)
a 7
b cbc
c orignew
d 1
e ecip
f 20
g y-gencatlg
942 ## - ADDED ENTRY ELEMENTS (KOHA)
Source of classification or shelving scheme Library of Congress Classification
Koha item type Monograph ( Printed materials)
Holdings
Withdrawn status Lost status Source of classification or shelving scheme Damaged status Not for loan Collection code Home library Current library Shelving location Date acquired Total Checkouts Full call number Barcode Date last seen Date checked out Price effective from Koha item type
    Library of Congress Classification     Main Collection ARRUPE LIBRARY ARRUPE LIBRARY Main Collection 21/04/2016 1 RA545 .M47 2012 46500006565 02/07/2019 09/05/2016 21/04/2016 Monograph ( Printed materials)

 

Arrupe Library. PO Box MP320 Mt Pleasant, Harare, Zimbabwe
263 242 745411|librarian@aju.ac.zw